[Event "Chigorin Memorial 27th"]
[Site "St Petersburg"]
[Date "2019.10.09"]
[Round "5"]
[White "Novikov, Kirill"]
[Black "Davidov, Alexey"]
[Result "1-0"]
[WhiteElo "1950"]
[BlackElo "1658"]
[PlyCount "45"]
[EventDate "2019.10.05"]
[EventType "swiss"]
[EventRounds "9"]
[EventCountry "RUS"]
[SourceTitle "EXT 2020"]
[Source "ChessBase"]
[SourceDate "2019.10.17"]
[SourceVersion "1"]
[SourceVersionDate "2019.10.17"]
[SourceQuality "1"]

1. e4 d6 2. d4 g6 3. c3 Bg7 4. f4 Nf6 5. Bd3 0-0 6. Nf3 Bg4 7. h3 Bxf3 8. Qxf3 Nbd7 9. e5 Ne8 10. 0-0 c6 11. Nd2 d5 12. f5 g5 13. f6 Ndxf6 14. exf6 Nxf6 15. Bc2 Re8 16. Qd3 e5 17. dxe5 Rxe5 18. Nf3 Re8 19. Bxg5 Qd6 20. Bxf6 Bxf6 21. Qxh7+ Kf8 22. Ng5 Re7 23. Qh6+ 1-0

[Event "Orsha op"]
[Site "Orsha"]
[Date "2019.01.24"]
[Round "9"]
[White "Masterova, Daria"]
[Black "Davidov, Alexey"]
[Result "0-1"]
[WhiteElo "1500"]
[BlackElo "1688"]
[PlyCount "90"]
[EventDate "2019.01.18"]
[EventType "swiss"]
[EventRounds "9"]
[EventCountry "BLR"]
[SourceTitle "CBM 188 Extra"]
[Source "ChessBase"]
[SourceDate "2019.02.26"]
[SourceVersion "1"]
[SourceVersionDate "2019.02.26"]
[SourceQuality "1"]

1. e4 d5 2. exd5 Nf6 3. Nc3 Nxd5 4. Qf3 c6 5. Bc4 e6 6. a3 Be7 7. Nge2 0-0 8. 0-0 Nd7 9. d4 Nxc3 10. Qxc3 Bf6 11. Be3 Nb6 12. Bd3 Re8 13. Qd2 e5 14. dxe5 Bxe5 15. Rab1 Nd5 16. Bg5 Qc7 17. Ng3 h6 18. Be3 Nxe3 19. Qxe3 Be6 20. b3 Bd6 21. Qd4 Be5 22. Qe4 g6 23. Rbe1 Bd5 24. Qh4 Kg7 25. Ne4 b6 26. f4 Bd4+ 27. Kh1 f5 28. Nf2 Qd6 29. a4 Qb4 30. Nh3 Qd2 31. Qg3 Kh7 32. Rd1 Qc3 33. Ng1 Re3 34. Nf3 Rae8 35. Qh3 Bf6 36. Bxf5 gxf5 37. Qxf5+ Kh8 38. Rd3 Rxd3 39. cxd3 Rg8 40. Qh3 Bg7 41. Ne5 Bf8 42. Ng4 Qg7 43. Ne3 Bxb3 44. f5 Be7 45. g4 Bg5 0-1

[Event "St Petersburg Summer op"]
[Site "St Petersburg"]
[Date "2017.08.20"]
[Round "5"]
[White "Efremov, Vladislav"]
[Black "Davidov, Alexey"]
[Result "1-0"]
[WhiteElo "1970"]
[BlackElo "1732"]
[PlyCount "113"]
[EventDate "2017.08.16"]
[EventType "swiss"]
[EventRounds "9"]
[EventCountry "RUS"]
[SourceTitle "CBM 180 Extra"]
[Source "ChessBase"]
[SourceDate "2017.10.06"]
[SourceVersion "1"]
[SourceVersionDate "2017.10.06"]
[SourceQuality "1"]

1. d4 Nf6 2. c4 g6 3. Nc3 d5 4. Bg5 Ne4 5. Bf4 Nxc3 6. bxc3 dxc4 7. e4 Bg7 8. Bxc4 0-0 9. Ne2 c5 10. 0-0 Nc6 11. d5 Ne5 12. Bb3 b6 13. Rc1 Ba6 14. c4 Rc8 15. a4 Qd7 16. h3 e6 17. Bg3 exd5 18. exd5 Qf5 19. f4 Nd7 20. Bc2 Qf6 21. Bd3 Rfe8 22. Qb3 Qe7 23. Rfe1 f5 24. a5 Qd6 25. axb6 axb6 26. Nc3 Bd4+ 27. Kh1 Be3 28. Ra1 Bxf4 29. Rxe8+ Rxe8 30. Bxf4 Qxf4 31. Ne2 Qf2 32. Rxa6 Ne5 33. Qa4 Rf8 34. Qc2 Re8 35. Ra2 Ng4 36. Ng1 Qh4 37. g3 Qh6 38. Qd2 g5 39. Bxf5 Ne5 40. h4 Rf8 41. Be6+ Kh8 42. Qc3 Qf6 43. Re2 Ng6 44. Qxf6+ Rxf6 45. hxg5 Rf8 46. Rb2 Rb8 47. Nf3 Kg7 48. Nd2 Ne5 49. d6 Nc6 50. Bd5 Nb4 51. Ne4 Kg6 52. d7 Kf5 53. Nd6+ Kg4 54. Nb7 Ra8 55. d8Q Ra1+ 56. Kg2 Nd3 57. Bf3+ 1-0

[Event "Kimry-ch op"]
[Site "Kimry"]
[Date "2017.01.04"]
[Round "5"]
[White "Davidov, Alexey"]
[Black "Mkrtchyan, Mikhail"]
[Result "0-1"]
[WhiteElo "1738"]
[BlackElo "1449"]
[PlyCount "110"]
[EventDate "2017.01.02"]
[EventType "swiss"]
[EventRounds "9"]
[EventCountry "RUS"]
[SourceTitle "EXT 2018"]
[Source "ChessBase"]
[SourceDate "2017.10.13"]
[SourceVersion "1"]
[SourceVersionDate "2017.10.13"]
[SourceQuality "1"]

1. e4 c5 2. Nf3 Nc6 3. Bb5 e6 4. Bxc6 bxc6 5. 0-0 Ne7 6. d3 Ng6 7. Be3 d5 8. c4 Be7 9. Re1 0-0 10. e5 Qc7 11. Bc1 Rd8 12. Qe2 Ba6 13. g3 Rab8 14. h4 h6 15. h5 Nf8 16. b3 Qa5 17. Bd2 Qc7 18. Nc3 Nd7 19. Bf4 Nb6 20. Nh2 Bc8 21. Ng4 Kh7 22. Qd2 dxc4 23. bxc4 Nxc4 24. Qc1 Nb2 25. Rb1 Nxd3 26. Qc2 Kg8 27. Re4 Nxf4 28. Rxf4 Rxb1+ 29. Qxb1 Bg5 30. Rc4 Rd4 31. Ra4 Bd2 32. Ra3 Rxg4 33. Qd1 Rd4 34. Ne2 Rd8 35. Qc2 Qxe5 36. Kf1 Qd5 37. Rxa7 Bb4 38. Nf4 Qh1+ 39. Ke2 Rd2+ 40. Qxd2 Bxd2 41. Kxd2 Qb1 42. a4 Kh7 43. Rxf7 e5 44. Ng6 Qa2+ 45. Kc3 Qxf7 46. a5 Qxf2 47. g4 Bxg4 48. Kb3 Bxh5 49. Ne7 Qf7+ 50. Ka4 Qxe7 51. a6 Bd1+ 52. Ka3 Qe6 53. Kb2 Qb3+ 54. Ka1 Bc2 55. a7 Qb1# 0-1

[Event "Kimry-ch op"]
[Site "Kimry"]
[Date "2017.01.03"]
[Round "2"]
[White "Berezhkov, Andrey"]
[Black "Davidov, Alexey"]
[Result "1-0"]
[WhiteElo "2049"]
[BlackElo "1738"]
[PlyCount "117"]
[EventDate "2017.01.02"]
[EventType "swiss"]
[EventRounds "9"]
[EventCountry "RUS"]
[SourceTitle "EXT 2018"]
[Source "ChessBase"]
[SourceDate "2017.10.13"]
[SourceVersion "1"]
[SourceVersionDate "2017.10.13"]
[SourceQuality "1"]

1. e4 d5 2. exd5 Qxd5 3. Nc3 Qd6 4. Bc4 Nf6 5. d3 c6 6. Qe2 Bg4 7. f3 Bh5 8. Bd2 Nbd7 9. g4 Bg6 10. f4 h6 11. 0-0-0 Nb6 12. Bb3 Nfd5 13. f5 Nxc3 14. Bxc3 Bh7 15. Be5 Qd7 16. Nf3 Nd5 17. Bg3 0-0-0 18. Qe5 Qd6 19. Qd4 c5 20. Qe4 Nf6 21. Bxd6 Nxe4 22. dxe4 exd6 23. Bxf7 Bg8 24. Bxg8 Rxg8 25. Rd5 b6 26. Rhd1 Be7 27. e5 dxe5 28. Rxe5 Bd6 29. Re4 Kc7 30. c3 Rge8 31. Rde1 Rxe4 32. Rxe4 Rf8 33. Re6 h5 34. h3 hxg4 35. hxg4 Rf6 36. Rxf6 gxf6 37. c4 Bf4+ 38. Kc2 Kd6 39. Kd3 a6 40. Ke4 Bc1 41. b3 Bh6 42. Nh4 Bf8 43. Ng6 Bg7 44. Nf4 Kc6 45. Nd5 b5 46. g5 fxg5 47. f6 Bf8 48. Kf5 Kd6 49. Ne3 Kd7 50. Ng4 Bd6 51. Nf2 Bf8 52. Ng4 Bd6 53. Nh6 Bf8 54. Nf7 g4 55. Ne5+ Kd6 56. Nxg4 Kd7 57. Ne5+ Kd6 58. Ng6 Bh6 59. f7 1-0

[Event "Kimry Summer op"]
[Site "Kimry"]
[Date "2016.08.30"]
[Round "6"]
[White "Zavyalov, Nikita"]
[Black "Davidov, Alexey"]
[Result "0-1"]
[WhiteElo "1522"]
[BlackElo "1749"]
[PlyCount "156"]
[EventDate "2016.08.28"]
[EventType "swiss"]
[EventRounds "7"]
[EventCountry "RUS"]
[SourceTitle "CBM 174 Extra"]
[Source "ChessBase"]
[SourceDate "2016.10.10"]
[SourceVersion "1"]
[SourceVersionDate "2016.10.10"]
[SourceQuality "1"]

1. e4 d5 2. exd5 Qxd5 3. Nc3 Qd6 4. Nf3 c6 5. Be2 Nf6 6. 0-0 Bf5 7. d3 e6 8. Bg5 Be7 9. Qd2 Nbd7 10. h3 0-0-0 11. Rfb1 h6 12. Bf4 e5 13. Bh2 Qe6 14. Qe3 Bc5 15. Qd2 g5 16. b4 Bb6 17. a4 g4 18. hxg4 Nxg4 19. Bg3 Ndf6 20. Qe1 Nh5 21. a5 Bc7 22. Bh2 Nxh2 23. Nxh2 Nf4 24. Bf3 Qg6 25. Kh1 Rhg8 26. Qf1 Nxd3 27. cxd3 Bxd3 28. Qe1 Bxb1 29. Rxb1 f5 30. g3 e4 31. Bg2 h5 32. Ne2 Kb8 33. Bh3 Rd3 34. Rd1 Rgd8 35. Rxd3 Rxd3 36. Bg2 Qd6 37. Nf1 h4 38. Nf4 hxg3 39. fxg3 Qh6+ 40. Nh3 Be5 41. Kg1 Bd4+ 42. Kh1 Qh5 43. Qc1 Be5 44. Qc5 Qh8 45. Qf2 Qh7 46. Qe1 Qh5 47. Qc1 a6 48. Kg1 Bd4+ 49. Kh1 Ka7 50. Kh2 e3 51. Nxe3 Bxe3 52. Qc4 Rd2 53. b5 axb5 54. Qf1 f4 55. Qe1 Re2 56. Qf1 fxg3+ 57. Kxg3 Qe5+ 58. Kg4 Qg7+ 59. Kf3 Qxg2+ 60. Qxg2 Rxg2 61. Kxg2 Bd2 62. Kf2 Bxa5 63. Ke2 c5 64. Kd1 c4 65. Kc2 Kb6 66. Nf4 Kc5 67. Ne6+ Kd5 68. Nf4+ Ke4 69. Ne6 Bb6 70. Ng5+ Kd5 71. Nf7 b4 72. Ng5 b3+ 73. Kb2 Bd4+ 74. Kb1 c3 75. Nf3 c2+ 76. Kc1 Be3+ 77. Nd2 b6 78. Kb2 Bxd2 0-1

[Event "Kimry Summer op"]
[Site "Kimry"]
[Date "2016.08.28"]
[Round "1"]
[White "Davidov, Alexey"]
[Black "Slepchenko, Kaspar"]
[Result "1-0"]
[WhiteElo "1749"]
[BlackElo "1156"]
[PlyCount "59"]
[EventDate "2016.08.28"]
[EventType "swiss"]
[EventRounds "7"]
[EventCountry "RUS"]
[SourceTitle "CBM 174 Extra"]
[Source "ChessBase"]
[SourceDate "2016.10.10"]
[SourceVersion "1"]
[SourceVersionDate "2016.10.10"]
[SourceQuality "1"]

1. Nf3 e6 2. c4 g6 3. Nc3 Bg7 4. g3 b6 5. Bg2 Bb7 6. 0-0 Nc6 7. d4 d5 8. cxd5 exd5 9. Bg5 Nf6 10. Ne5 0-0 11. Qd2 a6 12. Nxd5 Ne7 13. Nxe7+ Qxe7 14. Bxb7 Ra7 15. Nc6 Qd7 16. Nxa7 c6 17. Bxc6 Qxa7 18. Rac1 Rc8 19. Bg2 Rd8 20. e4 h6 21. Bxh6 Bxh6 22. Qxh6 Qe7 23. Qh4 Rxd4 24. Rc8+ Rd8 25. Rxd8+ Qxd8 26. e5 Qd2 27. Qxf6 Qxb2 28. Bd5 Kh7 29. Bxf7 Qc2 30. e6 1-0

[Event "Kimry-ch"]
[Site "Kimry"]
[Date "2016.01.07"]
[Round "9"]
[White "Davidov, Alexey"]
[Black "Sepp, Yuri"]
[Result "1/2-1/2"]
[WhiteElo "1764"]
[BlackElo "1941"]
[PlyCount "153"]
[EventDate "2016.01.02"]
[EventType "swiss"]
[EventRounds "9"]
[EventCountry "RUS"]
[SourceTitle "CBM 170 Extra"]
[Source "ChessBase"]
[SourceDate "2016.02.25"]
[SourceVersion "1"]
[SourceVersionDate "2016.02.25"]
[SourceQuality "1"]

1. Nf3 Nf6 2. c4 e6 3. g3 c6 4. Bg2 d5 5. cxd5 exd5 6. 0-0 Be7 7. d3 0-0 8. b3 Bf5 9. Bb2 Qc8 10. Re1 Rd8 11. Nbd2 Na6 12. a3 Nc5 13. b4 Ne6 14. Rc1 Qd7 15. Nh4 Bg4 16. f3 Bh5 17. Nf5 Bf8 18. Bxf6 gxf6 19. Bh3 a5 20. Rb1 Kh8 21. Qc1 Ng5 22. Bg4 Bxg4 23. fxg4 axb4 24. axb4 h5 25. Nf3 Nh3+ 26. Kg2 hxg4 27. N3h4 Ra2 28. Rb2 Rda8 29. Rxa2 Rxa2 30. Qc3 Qe6 31. Kf1 Qe5 32. Qc1 Kh7 33. Ne3 Bh6 34. Nxg4 Bxc1 35. Nxe5 Bd2 36. Nxf7 Bxe1 37. Kxe1 Rb2 38. b5 Rxb5 39. Nd6 Rb2 40. Ne8 b5 41. Nxf6+ Kg7 42. Nd7 Ng5 43. Nf5+ Kf7 44. Nd4 Ke7 45. Nc5 Kd6 46. Nb7+ Kc7 47. Nc5 Nh3 48. Kf1 Kd6 49. Nb7+ Kd7 50. Nf3 b4 51. Kg2 Rxe2+ 52. Kxh3 Kc7 53. Nc5 Kb6 54. d4 b3 55. Nxb3 Re3 56. Kg4 Rxb3 57. h4 Kc7 58. Kf4 Kd6 59. g4 Ke6 60. g5 Rb4 61. Ke3 Kf5 62. Kf2 Kf4 63. Ne5 Rxd4 64. Nxc6 Rd2+ 65. Ke1 Rh2 66. g6 Ke3 67. Kf1 Rh1+ 68. Kg2 Rxh4 69. Kg3 Rh1 70. Kg4 d4 71. Nb4 Ke4 72. Kg5 Ke5 73. Nc6+ Kd5 74. Nxd4 Kxd4 75. g7 Ke5 76. Kg6 Rg1+ 77. Kf7 1/2-1/2

[Event "Kimry-ch"]
[Site "Kimry"]
[Date "2016.01.03"]
[Round "3"]
[White "Balanin, Pavel"]
[Black "Davidov, Alexey"]
[Result "0-1"]
[WhiteElo "1256"]
[BlackElo "1764"]
[PlyCount "74"]
[EventDate "2016.01.02"]
[EventType "swiss"]
[EventRounds "9"]
[EventCountry "RUS"]
[SourceTitle "CBM 170 Extra"]
[Source "ChessBase"]
[SourceDate "2016.02.25"]
[SourceVersion "1"]
[SourceVersionDate "2016.02.25"]
[SourceQuality "1"]

1. e4 d6 2. Nf3 Nf6 3. Nc3 g6 4. d3 Bg7 5. Be2 0-0 6. 0-0 c5 7. d4 cxd4 8. Nxd4 Nc6 9. Nxc6 bxc6 10. Bg5 Qb6 11. Be3 Qxb2 12. Na4 Qa3 13. c4 Nxe4 14. Qc2 Bxa1 15. Rb1 Nc5 16. Bc1 Qxa4 17. Qxa4 Nxa4 18. Rxa1 Bf5 19. Bd1 Nc5 20. Be3 Rab8 21. Bxc5 dxc5 22. Bb3 Rfd8 23. h3 h5 24. f3 Rd2 25. g4 hxg4 26. fxg4 Bc2 27. Bxc2 Rxc2 28. h4 Rbb2 29. h5 gxh5 30. gxh5 Rh2 31. a4 Rxh5 32. a5 Rbh2 33. Rf1 Rh1+ 34. Kf2 Rxf1+ 35. Kxf1 Rh2 36. a6 Kg7 37. Kg1 Ra2 0-1

[Event "Kimry-ch"]
[Site "Kimry"]
[Date "2016.01.03"]
[Round "2"]
[White "Davidov, Alexey"]
[Black "Geshko, Aleksey"]
[Result "0-1"]
[WhiteElo "1764"]
[BlackElo "2043"]
[PlyCount "90"]
[EventDate "2016.01.02"]
[EventType "swiss"]
[EventRounds "9"]
[EventCountry "RUS"]
[SourceTitle "CBM 170 Extra"]
[Source "ChessBase"]
[SourceDate "2016.02.25"]
[SourceVersion "1"]
[SourceVersionDate "2016.02.25"]
[SourceQuality "1"]

1. e4 c5 2. Nf3 d6 3. Bb5+ Bd7 4. Bxd7+ Qxd7 5. c4 Nc6 6. Nc3 g6 7. d4 cxd4 8. Nxd4 Bg7 9. Nxc6 Qxc6 10. Qd3 Rc8 11. Be3 Qxc4 12. Qxc4 Rxc4 13. Bxa7 Bxc3+ 14. bxc3 Rxe4+ 15. Kd2 Ra4 16. Bd4 e5 17. Be3 Kd7 18. Rhb1 Kc7 19. Rb2 Nf6 20. Rab1 Rb8 21. f3 Nd5 22. Bf2 Kc6 23. c4 Rxc4 24. Ba7 Ra8 25. Rxb7 Ra4 26. Be3 Rxa2+ 27. R1b2 Rxb2+ 28. Rxb2 Ra3 29. Bh6 Nb6 30. Rc2+ Kd5 31. Ke2 Nc4 32. Kf2 Rb3 33. Bc1 Kd4 34. Ra2 Rb1 35. Bg5 Rb2+ 36. Rxb2 Nxb2 37. Ke2 Nc4 38. h4 Kc3 39. g4 d5 40. h5 d4 41. hxg6 hxg6 42. Bf6 d3+ 43. Kd1 Nb2+ 44. Ke1 d2+ 45. Kf2 d1Q 0-1